000
00319nam a2200133Ia 4500
008
190216s9999||||xx |||||||||||||| ||und||
100
_a
John B Fraleigh
245
2
_a
A First Course In Abstract Algebra
250
_a
7th
260
_b
Narosa Pubs House
_c
1998
300
_a
478p
650
_a
Mathematics
942
_c
BK
999
_c
31615
_d
31615